000 00800nam a2200253Ia 4500
003 OSt
005 20220923225342.0
006 a|||||r|||| 00| 0
007 ta
008 220922b |||||||| |||| 00| 0 mar d
024 _a263,853
037 _cTextual
040 _aARTS
_cARTS
_bmar
041 _2mar
_amar
082 _aV235:1.N5, 155k0
100 _aबेहेरे, पु0 रा0
_9156847
245 0 _aमहाराष्ट्राचें मन
246 _ahinārāṣhṭrāchean hina
260 _aमुंबई
_b बलवन्त पुस्तक
_c1960
300 _a99पृ0
_ccm.
650 _aविश्व-इतिहास
942 _hV235:1.N5, 155k0
_cTEXL
_2CC
999 _c377702
_d377702